00721nam a2200145 a 450000100100000000500170001000800410002704000250006824500600009326000540015330000220020750001460022995201830037599900170055800004627920201002052746.0150715s2004 dr 000 0 spa d aDO-SdBNPbspacBNPHU00aPrimer módulo de curriculum sobre educación sexual. aSanto Domingo :bCentro de Adolescentes,c[190?]. a11 p. : ;c20 cm. aElaborado por un equipo interdiciplinario formado por profesores, orientadores y estudiantes de los liceos sencudarios del sector de Los Mina 0010718PDaPDbPDcHDd2015-07-15iLF1l0o p46279-10r2020-06-25w2020-06-25yLFPDzPerteneció a la biblioteca personal de Chiqui Vicioso / Fidelio Despradel.ZNo se presta c45768d45768